Taylor Swift mystery lyrics #31 - Statistics

General Stats
  • This quiz has been taken 93 times
    87 since last reset
  • The average score is 173 of 254
Answer Stats
Answer % Correct
I
100%
a
97%
th
94%
the
94%
The
94%
in
92%
me
92%
love
89%
when
89%
he
86%
He
86%
it
86%
my
86%
and
84%
And
84%
be
84%
to
84%
on
83%
so
83%
So
83%
that
83%
do
81%
we
81%
for
80%
I'm
78%
but
77%
by
77%
all
73%
can
73%
it's
73%
'cause
72%
'Cause
72%
have
72%
if
72%
I'll
72%
there
72%
don't
70%
her
70%
just
70%
know
70%
why
70%
with
70%
can't
69%
of
69%
one
69%
could
67%
he's
67%
He's
67%
Look
67%
only
67%
should
67%
at
66%
got
66%
him
66%
his
64%
see
64%
think
64%
about
63%
as
63%
get
63%
thing
63%
won't
63%
out
61%
she's
61%
live
59%
right
58%
want
58%
eyes
56%
guitar
56%
keep
56%
night
56%
up
56%
down
55%
even
55%
everything
55%
heart
55%
never
55%
teardrops
55%
car
53%
bet
52%
girl
52%
give
52%
looks
52%
says
52%
some
52%
tell
52%
wish
52%
without
52%
Drew
50%
need
50%
reason
50%
smile
50%
break
48%
fake
48%
goes
48%
star
48%
those
48%
time
48%
breathe
47%
wishing
47%
song
45%
walks
45%
keeps
44%
knows
44%
singing
44%
beautiful
42%
finally
42%
funny
42%
laugh
42%
picture
42%
put
42%
talks
42%
wonder
42%
enough
41%
sleep
41%
who's
41%
better
39%
kind
38%
maybe
38%
turn
38%
alone
36%
hold
36%
home
36%
lucky
36%
perfectly
36%
tonight
36%
anyone
34%
flawless
34%
light
34%
there's
34%
drive
33%
into
33%
She'd
33%
tight
33%
fall
31%
needing
31%
taken
22%
No matching quizzes found
Score Distribution
Percent of People with Each Score
Percentile by Number Answered
Your Score History
You have not taken this quiz since the last reset